| 000 | 01478nam a22001697a 4500 | ||
|---|---|---|---|
| 999 |
_c113582 _d113582 |
||
| 003 | OSt | ||
| 005 | 20190427144159.0 | ||
| 008 | 190427b2014 ||||| |||| 00| 0 eng | ||
| 020 | _a9781472500427 (hardback) | ||
| 020 | _a9781472544438 (online) | ||
| 040 | _cnls | ||
| 245 |
_aDress, Law and Naked Truth: _bA Cultural Study of Fashion and Form / _cBy Gary Watt |
||
| 260 |
_aOxford ;Portland, Or. : _b Hart Publishing, _c2014 |
||
| 520 | _aWhy are civil authorities in so-called liberal democracies affronted by public nudity and the Islamic full-face “veil”? Why is law and civil order so closely associated with robes, gowns, suits, wigs and uniforms? Why is law so concerned with the “evident” and the need for justice to be “seen” to be done? Why do we dress and obey dress codes at all? In this, the first ever study devoted to the many deep cultural connections between dress and law, the author addresses these questions and more. His responses flow from the radical thesis that “law is dress and dress is law”. Engaging with sources from The Epic of Gilgamesh to Shakespeare, Carlyle, Dickens and Damien Hirst, Professor Watt draws a revealing history of dress and civil order and offers challenging conclusions about the nature of truth and the potential for individuals to fit within the forms of civil life. | ||
| 856 | _uhttps://www.bloomsburycollections.com/book/dress-law-and-naked-truth-a-cultural-study-of-fashion-and-form/ | ||
| 942 |
_2ddc _cEBK |
||